000 00738nam a2200169 4500
001 120003
003 ES-MaACL
005 20230906191440.0
007 t|
008 070214s1983 sp r ||||1| spa d
245 0 0 _aPintura española y cubana y litografías y grabados cubanos del siglo XIX (Colección del Museo Nacional de La Habana)
_b: Museo del Prado, Sección del siglo XIX, Casón del Buen Retiro, Madrid, marzo-abril, 1983.
260 _aMadrid :
_bDirección General de Bellas Artes y Archivos,
_c1983.
300 _a123 p., 42 lám. ;
_c28 cm.
710 2 _aMuseo Nacional de Bellas Artes (Cuba)
_9173280
710 1 _aEspaña.
_bDirección General de Bellas Artes y Archivos.
_93708
852 _aES-MaACL
_jL-4522
_bR.105404
999 _c120003
_d120003